000 00569nam a2200181Ia 4500
005 20250326123447.0
008 250326s9999 xx 000 0 und d
037 _aTextbook
040 _aFMSL
_beng
_cFMSL
041 _aeng
_2eng
084 _aX720u8(A) M3
_qFMSL
100 _aRanganathan J S
245 0 _aTax incentives & concessions for industries
_cRanganathan J S
260 _aNew Delhi
_bNew Delhi, Documentation Center For Corporate & Business Policy Research
300 _a203p
942 _cTB
_hX720u8(A) M3
999 _c1269453
_d1269453